Osobitosti rozkladu ako riadneho opravného prostriedku

Teoretická stránka inštitútu rozkladu, pričom sa zdôrazňuje jeho osobitosť oproti odvolaniu. Vybrané otázky z praxe.

Enregistré dans:
Détails bibliographiques
Auteur principal: Horvat, Matej
Format: Chapitre de livre
Langue:slovaque
Sujets:
Tags: Ajouter un tag
Pas de tags, Soyez le premier à ajouter un tag!

MARC

LEADER 00000naa$a2200000$$$4500
001 0183298
005 20240502073132.6
041 0 |a slo 
044 |a SK 
245 1 0 |a Osobitosti rozkladu ako riadneho opravného prostriedku  |c Matej Horvat 
520 |a Teoretická stránka inštitútu rozkladu, pričom sa zdôrazňuje jeho osobitosť oproti odvolaniu. Vybrané otázky z praxe. 
610 2 0 |a právo obchodné 
610 2 0 |a záväzky hospodárske 
610 2 0 |a zmluvy spoločenské 
610 2 0 |a poriadok právny 
610 2 0 |a právo správne 
100 1 |a Horvat, Matej